Hamilton Lyrics Sort #16 - Meet Me Inside - Statistics

General Stats
  • This quiz has been taken 16 times
  • The average score is 28 of 38
Answer Stats
Hint Answer % Correct
Line 1 Lee, do you yield?
100%
Line 2 You shot him in the side, yes, he yields
100%
Line 6 Here comes the General!
89%
Line 3 I'm satisfied
89%
Line 8 What is the meaning of this?
89%
Line 11 But believe me, these young men don't speak for me
78%
Line 5 Go, we won
78%
Line 14 Hamilton? (Sir) Meet me inside
78%
Line 10 Lee, you will never agree with me
78%
Line 15 Meet him inside [1]
78%
Line 17 Meet him inside, meet him, meet him inside
78%
Line 9 Mr. Burr, get a medic for the General (yes, sir)
78%
Line 32 Or you could die and we need you alive
78%
Line 18 Son (don't call me son)
78%
Line 7 This should be fun
78%
Line 22 You're absolutely right, John should have shot him in the mouth
78%
Line 34 Your wife needs you alive, son, I need you alive
78%
Line 21 You solve nothing, you aggravate our allies to the south
78%
Line 4 Yo, we gotta clear the field
78%
Line 35 Call me son one more time!
67%
Line 36 Go home, Alexander
67%
Line 25 I am not a maiden in need of defening (Charles Lee), I am grown
67%
Line 31 I could fly above my station after the war
67%
Line 29 I don't have your land, but, if you - (no)
67%
Line 30 If you gave me command of a battalion, a group of men to lead
67%
Line 33 I'm more than willing to die
67%
Line 20 Lee called you out, we called his bluff
67%
Line 13 Let's ride
67%
Line 16 Meet him inside [2]
67%
Line 27 My name's been through a lot, I can take it
67%
Line 24 Son (I'm not ya son), watch your tone
67%
Line 12 Thank you for your service
67%
Line 23 That would've shut him up
67%
Line 19 This war is hard enough without infighting
67%
Line 26 Thomas Conway, these men take your name, and they rake it through the mud
67%
Line 28 Well, I don't have your name, I don't have your titles
67%
Line 38 (Sir!) Go home!
56%
Line 37 That's an order from your commander
56%
No matching quizzes found
Score Distribution
Percent of People with Each Score
Percentile by Number Answered
Your Score History
You have not taken this quiz